Communications news

Detalles Bibliográficos
Título anterior:Wire & radio communications
Formato: Electrónico Revista
Lenguaje:inglés
Publicado: Geneva, Ill. : Harcourt Brace Jovanovich Publications
Materias:
Acceso en línea:Full text available from Research Library: 01/01/1992 to 03/31/2009

MARC

LEADER 00000nas a2200000 a 4500
001 ssj0001463
003 WaSeSS
005 20200512172242.0
006 m d
007 cr n
008 750823d19642009ilumr pes 0 a0eng c
010 |a sf 85004052   |z sn 79004703  
022 |l 0010-3632  |y 0010-3632 
032 |a 516610  |b USPS 
035 |a (WaSeSS)ssj0001463 
040 |a MUL  |b eng  |c MUL  |d UCU  |d NSD  |d AIP  |d UDI  |d AIP  |d NSD  |d AIP  |d NSD  |d AIP  |d DLC  |d NST  |d GUA  |d NST  |d IUL  |d DLC  |d OCLCQ  |d ORU  |d CDS  |d HUL  |d IUL  |d OCLCQ  |d IUL  |d OCLCQ  |d OCLCF  |d OCLCO  |d OCLCQ  |d RDF  |d WaSeSS 
042 |a nsdp  |a pcc 
050 0 0 |a TK5101.A1  |b C64 
082 1 4 |a 621  |2 11 
210 0 |a Commun. news  |b (Geneva Ill.) 
222 0 |a Communications news  |b (Geneva, Ill.) 
245 0 0 |a Communications news  |h [electronic resource]. 
260 |a Geneva, Ill. :  |b Harcourt Brace Jovanovich Publications 
310 |a Monthly (Except combined Mar./Apr. issue) 
321 |a Monthly 
362 1 |a Began in Oct. 1964; ceased in print with v. 46, no. 3/4 (2009). 
500 |a Published: Nokomis, Fla. : Nelson Publishing, <2004-> 
506 |a License restrictions may limit access. 
588 |a Description based on: Vol. 20, no. 9 (Sept. 1983); title from cover. 
588 |a Latest issue consulted: Vol. 41, no. 12 (Dec. 2004). 
650 0 |a Telecommunication  |v Periodicals. 
650 7 |a Telecommunication.  |2 fast  |0 (OCoLC)fst01145830 
655 0 |a Electronic journals. 
780 0 5 |t Wire & radio communications  |w (DLC) 54029280  |w (OCoLC)10487540 
850 |a AAP  |a CtY-E  |a DLC  |a DeU  |a GU  |a IC  |a IEN  |a INS  |a IU  |a InLP  |a InU  |a KPT  |a MdU  |a MiDW  |a MnU  |a N  |a NNC  |a OU  |a OrU  |a P  |a PPT  |a ViBlbV 
853 2 0 |8 1  |a v.  |b no.  |u 12  |v r  |i (year)  |j (month)  |w m  |x 01 
856 4 0 |z Full text available from Research Library: 01/01/1992 to 03/31/2009  |u https://search.proquest.com/publication/41356 
863 4 1 |8 1.1  |a <39 >  |b <1 >  |i <2001>  |j <01>